| 000 | 00649nam a2200157 a 4500 | ||
|---|---|---|---|
| 008 | 210224s2010 ||||||||||||||||| || u | ||
| 020 | _a9780076213924 | ||
| 050 | _aQA 157 Fla | ||
| 100 | _aFlanders, James | ||
| 245 | 1 | 0 |
_aAdvanced Algebra _cBy James Flanders;Marshall Lassak;Jean Sech;Michelle Eggerding; Paul J.Karafiol;Lin McMullin;Neal Weisman;Zalman Usiskin |
| 260 |
_aUSA _bMcGraw-Hill _c2010 |
||
| 300 | _axii;936 pages: illustrations | ||
| 350 | _a13.42 | ||
| 650 | 0 | _aALGEBRA | |
| 995 |
_FCBU-MAIN LIBRARY (Kitwe) _I13.42 _M1 _UAVAILABLE _WMar 29, 2021 _ZMain Library Open Access Collection |
||
| 999 |
_c33522 _d33522 |
||